LEADER 01011nam a2200229 i 4500 001 991003236519707536 005 20021205144027.0 008 020605s2000 it ||| | ita 035 $ab11775452-39ule_inst 035 $aPARLA222515$9ExL 040 $aDip.to Scienze Storiche Filosofiche e Geografiche$bita 100 1 $aFerrari, Pierpaolo $0146874 245 13$aLa gestione del patrimonio delle fondazioni bancarie Italiane :$bun confronto con la realtà europea e statunitense /$cPierpaolo Ferrari 260 $aFirenze :$bBanca toscana,$c2000 300 $a79 p. ;$c24 cm. 500 $aCorrisponde a: Studi e note di economia. Quaderni, v. 4 (2000). 907 $a.b11775452$b02-04-14$c09-12-02 912 $a991003236519707536 945 $aLE009 Per. G. 259.1, 4$g1$i20090000138087$lle009$o-$pE0.00$q-$rn$so $t0$u0$v0$w0$x0$y.i12021854$z09-12-02 996 $aGestione del patrimonio delle fondazioni Bancarie italiane$9516878 997 $aUNISALENTO 998 $ale009$b01-01-02$cm$da $e-$fita$git $h3$i1 LEADER 04844nam 2200733 a 450 001 9910969780903321 005 20251116164027.0 010 $a0-8232-6895-0 010 $a0-8232-5208-6 010 $a0-8232-5185-3 024 7 $a10.1515/9780823252084 035 $a(CKB)3170000000060614 035 $a(EBL)1389074 035 $a(SSID)ssj0000872905 035 $a(PQKBManifestationID)11547735 035 $a(PQKBTitleCode)TC0000872905 035 $a(PQKBWorkID)10863837 035 $a(PQKB)11009610 035 $a(StDuBDS)EDZ0001193192 035 $a(OCoLC)849927427 035 $a(MdBmJHUP)muse22160 035 $a(DE-B1597)555287 035 $a(DE-B1597)9780823252084 035 $a(Au-PeEL)EBL3239821 035 $a(CaPaEBR)ebr10700260 035 $a(CaONFJC)MIL517397 035 $a(OCoLC)858762974 035 $a(Au-PeEL)EBL1389074 035 $a(MiAaPQ)EBC3239821 035 $a(EXLCZ)993170000000060614 100 $a20130513d2013 uy 0 101 0 $aeng 135 $aur|n|---||||| 181 $ctxt 182 $cc 183 $acr 200 00$aBeyond broadband access $edeveloping data-based information policy strategies /$fedited by Richard D. Taylor and Amit M. Schejter 205 $a1st ed. 210 $aNew York $cFordham University Press$d2013 215 $a1 online resource (321 p.) 225 1 $aDonald McGannon Communication Research Center's Everett C. Parker book series 300 $aDescription based upon print version of record. 311 08$a0-8232-5184-5 311 08$a0-8232-5183-7 320 $aIncludes bibliographical references and index. 327 $aAcknowledgments -- Introduction: numbers that matter / Richard D. Taylor and Amit M. Schejter -- Theory -- Beyond broadband access : what do we need to measure and how do we measure it? / Catherine Middleton -- Understanding digital gaps : a quartet of empirical methodologies / Bin Zhang and Richard D. Taylor -- Broadband microfoundations : the need for traffic data / Steven Bauer, David Clark, and William Lehr -- Adoption factors of ubiquitous broadband / Sangwon Lee and Justin S. Brown -- Data and modeling challenges in international comparisons / Johannes M. Bauer and Sungjoong Kim -- Data, policy, and democracy / Jorge Reina Schement -- "Rulers of thousands, hundreds, fifties, and tens" : does democracy count? / Amit M. Schejter -- The use and abuse of data in information policy making -- PHD heal thyself : in search of evidence-based research for evidence-based policy / Eli Noam -- Case studies in results-driven decision making at the fcc / Rob Frieden -- The determinants of disconnectedness : understanding US broadband unavailability / Kenneth Flamm -- European broadband spending : implications of input-output analysis and opportunity costs / Ibrahim Kholilul Rohman and Erik Bohlin -- Using data for policy development : designing a universal service fund for Tanzania / Heather Hudson -- Notes -- Bibliography -- List of contributors -- Index. 330 $aAfter broadband access, what next? What role do metrics play in understanding ?information societies?? And, more important, in shaping their policies? Beyond counting people with broadband access, how can economic and social metrics inform broadband policies, help evaluate their outcomes, and create useful models for achieving national goals? This timely volume not only examines the traditional questions about broadband, like availability and access, but also explores and evaluates new metrics more applicable to the evolving technologies of information access.Beyond Broadband Access brings together a stellar array of media policy scholars from a wide range of disciplines?economics, law, policy studies, computer science, information science, and communications studies. Importantly, it provides a well-rounded, international perspective on theoretical approaches to databased communications policymaking in the Americas, Europe, Asia, and Africa. Showcasing a diversity of approaches, this invaluable collection helps to meet myriad challenges to improving the foundations for communications policy development. 410 0$aDonald McGannon Communication Research Center's Everett C. Parker book series. 606 $aTelecommunication policy 606 $aBroadband communication systems 615 0$aTelecommunication policy. 615 0$aBroadband communication systems. 676 $a384.3 676 $a384.32 700 $aTaylor$b Richard D., $4aut$4http://id.loc.gov/vocabulary/relators/aut$091395 701 $aTaylor$b Richard Denny$01860362 701 $aSchejter$b Amit M$01049575 801 0$bMiAaPQ 801 1$bMiAaPQ 801 2$bMiAaPQ 906 $aBOOK 912 $a9910969780903321 996 $aBeyond broadband access$94465184 997 $aUNINA